Statystyki dla Państwa z największą liczbą osób posiadających bronie palne

Kliknij tutaj aby rozwiązać quiz!

Ogólne statystyki

  • Ten quiz został rozwiązany 163 razy
  • Średni wynik to 11 z 17

Statystyki odpowiedzi

Ilość
osób
Państwo% Poprawnych
393 347 000Stany Zjednoczone
100%
49 735 000Chiny
89%
16 809 000Meksyk
82%
71 101 000Indie
80%
12 708 000Kanada
79%
15 822 000Niemcy
76%
12 732 000Francja
74%
5 890 000Iran
72%
7 588 000Irak
66%
43 917 000Pakistan
63%
13 249 000Turcja
62%
3 573 000Australia
58%
3 931 000Egipt
56%
4 971 000Kolumbia
50%
6 154 000Nigeria
35%
3 776 000Filipiny
29%
10 342 000Tajlandia
29%

Rozkład punktacji

Percentyl według liczby udzielonych odpowiedzi

Procent ludzi z każdym wynikiem

Twoja historia wyników

Nie rozwiązałeś tego quizu